| 000 | 01180cam a2200229 4500 | ||
|---|---|---|---|
| 001 | ABS65834 | ||
| 008 | 020816n2002 000 0 eng u | ||
| 035 | _a(Sirsi) u119364 | ||
| 100 | _aMartin, D | ||
| 245 | _aInside performance | ||
| 260 | _c2002 | ||
| 490 |
_aInside Housing _v 26 July 2002, 25-35(8) |
||
| 520 | _aA series of articles looks at the performance of local authority housing departments. "Rateable values" reveals a north-south divide with northern authorities more likely to get the lowest rating than the south; Wales is even worse. "The right inspection" looks at how comprehensive performance assessment could expand on and develops best value. "Second sight" reports on the first privatised housing inspection. "Take your partners" considers the plans to consolidate housing inspection duties and in "Getting the best" one registered social landlord is advising the Housing Corporation how to achieve best value in housing inspections. | ||
| 590 | _aABS | ||
| 650 | _aINSPECTIONS | ||
| 650 | _aBEST VALUE | ||
| 650 | _aHOUSING INSPECTORATE | ||
| 650 | _aPERFORMANCE STANDARDS | ||
| 650 | _aLOCAL AUTHORITIES | ||
| 690 | _aHOUSING | ||
| 942 | _n0 | ||
| 999 |
_c70972 _d70972 |
||